Aspekty implementácie Business Intelligence v slovenských podnikoch
Salvato in:
| Autore principale: | |
|---|---|
| Ente Autore: | |
| Altri autori: | , |
| Natura: | Libro |
| Lingua: | slovacco |
| Pubblicazione: |
Bratislava
Vydavateľstvo EKONÓM
2013
|
| Edizione: | 1. vyd. |
| Soggetti: | |
| Tags: |
Nessun Tag, puoi essere il primo ad aggiungerne!!
|
MARC
| LEADER | 00000nam a2200000 4500 | ||
|---|---|---|---|
| 001 | 0173650 | ||
| 005 | 20240502072947.0 | ||
| 020 | |a 978-80-225-3603-5 | ||
| 041 | 0 | |a slo | |
| 044 | |a SK | ||
| 245 | 1 | 0 | |a Aspekty implementácie Business Intelligence v slovenských podnikoch |c Anna Hamranová ; recenzenti: Mojmír Kokles, Oto Godány |
| 250 | |a 1. vyd. | ||
| 264 | 1 | |a Bratislava |b Vydavateľstvo EKONÓM |c 2013 | |
| 300 | |a 124 s. [7,94 AH] | ||
| 610 | 2 | 0 | |a business intelligence |
| 610 | 2 | 0 | |a technológie informačné |
| 610 | 2 | 0 | |a systémy informačné |
| 610 | 2 | 0 | |a informatika |
| 610 | 2 | 0 | |a politika podnikania |
| 100 | 1 | |a Hamranová, Anna, 1957- | |
| 700 | 1 | |a Kokles, Mojmír | |
| 700 | 1 | |a Godány, Oto | |
| 710 | 2 | |a Ekonomická univerzita v Bratislave. Fakulta podnikového manažmentu | |